Trí tuệ dân tộc Úc

Salvato in:
Dettagli Bibliografici
Natura: Libro
Lingua:Undetermined
Pubblicazione: Hà Nội Thời đại 2011
Soggetti:
Tags: Aggiungi Tag
Nessun Tag, puoi essere il primo ad aggiungerne! !
Thư viện lưu trữ: Trung tâm Học liệu Trường Đại học Cần Thơ
LEADER 00491nam a2200169Ia 4500
001 CTU_194130
008 210402s9999 xx 000 0 und d
020 |c 45000 
082 |a 994 
082 |b Tr300 
245 0 |a Trí tuệ dân tộc Úc 
245 0 |c Gia Khang, Kiến Văn (biên dịch) 
260 |a Hà Nội 
260 |b Thời đại 
260 |c 2011 
650 |a Ustralian history,Lịch sử Úc 
980 |a Trung tâm Học liệu Trường Đại học Cần Thơ